|
|
|
|
| LEADER |
00000nam a2200000 a 4500 |
| 001 |
UCS0318 |
| 003 |
CL-VaPUC |
| 008 |
970418e19650000CK |||||||||||||||||spa|d |
| 082 |
0 |
4 |
|a 345.001
|b BET
|2 21
|
| 100 |
0 |
|
|a Bettiol, Giuseppe
|e author
|9 383620
|
| 245 |
1 |
0 |
|a Derecho penal, parte general
|
| 300 |
|
|
|a 813 p
|
| 942 |
|
|
|c BK
|
| 945 |
|
|
|d 19970418 00:00:00
|a paguirre
|
| 260 |
|
|
|a Bogotá
|b Temis
|c 1965
|
| 650 |
|
7 |
|a DERECHO PENAL
|2 CL-VaPUC
|9 11
|
| 650 |
|
0 |
|a Teoría del derecho
|9 255982
|
| 650 |
|
0 |
|a Jurisprudencia
|9 255952
|
| 650 |
|
0 |
|a Delitos
|9 224143
|
| 650 |
|
7 |
|a ELEMENTOS DEL DELITO
|2 CL-VaPUC
|9 383621
|
| 650 |
|
0 |
|a Antijuridicidad
|9 368501
|
| 650 |
|
7 |
|a CULPABILIDAD
|2 CL-VaPUC
|9 351694
|
| 650 |
|
0 |
|a Atenuantes
|9 380889
|
| 650 |
|
7 |
|a TENTATIVA
|2 CL-VaPUC
|9 383364
|
| 650 |
|
0 |
|a CONCURSO DEL DELITO
|9 358121
|
| 650 |
|
7 |
|a DELINCUENTES
|2 CL-VaPUC
|9 315465
|
| 650 |
|
0 |
|a Penas
|9 255927
|
| 650 |
|
0 |
|a Prisiones
|9 255309
|
| 583 |
|
|
|a last modification
|c 19970418 00:00:00
|k Rodrigo Vera
|
| 999 |
|
|
|c 258550
|d 258548
|
| 952 |
|
|
|0 0
|1 0
|4 0
|6 345_001000000000000_BET_1965
|7 0
|8 A
|9 282729
|a BIBDER
|b BIBDER
|d 2019-11-19
|i 1833677
|o 345.001 BET 1965
|p 1833677
|r 2023-01-25
|w 2019-11-19
|y BK
|k DER
|
| 952 |
|
|
|0 0
|1 0
|4 0
|6 345_001000000000000_BET_1965
|7 0
|8 A
|9 282730
|a BIBDER
|b BIBDER
|d 2019-11-19
|i 4016157
|o 345.001 BET 1965
|p 4016157
|r 2023-01-25
|w 2019-11-19
|y BK
|k DER
|